[Event "Druzynowe Mistrzostwa Polski Juniorow - II liga"]
[Site "Sypniewo k. Jastrowia"]
[Date "2023-06-19"]
[Round "6.15"]
[White "Sakharchuk, Aliaksandr"]
[Black "Futyma, Dawid"]
[Result "0-1"]
[WhiteTitle "II+"]
[BlackTitle "I"]
[WhiteElo "1509"]
[BlackElo "1685"]

1. e4 2. c6 3. c4 4. d5 5. exd5 6. cxd5 7. cxd5 8. Qxd5 9. Nc3 10. Qd8 11. Bc4
12. Nf6 13. Nf3 14. e6 15. O-O 16. a6 17. d4 18. b5 19. Bb3 Bb7 20. Re1 21. Be7
22. Bc2 23. O-O 24. Bg5 25. Nbd7 26. Qe2 27. Re8 28. Rad1 Nd5 29. Bxe7 30. Qxe7
31. Be4 32. N7f6 33. Nxd5 34. Bxd5 35. Bxd5 36. Nxd5 37. Rc1 38. Rac8 39. a3 40.
Rc7 41. b4 42. Nc3 43. Qd3 44. Rec8 45. Rc2 46. h6 47. Rec1 48. Na4 49. h3 50.
Qd6 51. Qe4 52. Rxc2 53. Rxc2 Rxc2 54. Qxc2 55. Nb6 56. Qc5 57. Nc4 58. Ne5 59.
Qxc5 60. bxc5 61. Nxe5 62. dxe5 Kf8 63. Kf1 64. Ke7 65. Ke2 Kd7 66. Kd3 67. Kc6
68. Kd4 69. g5 70. Ke4 Kxc5 71. Kf3 72. a5 73. Kg4 74. b4 75. axb4+ 76. axb4 77.
Kh5 78. b3 79. Kxh6 80. b2 81. Kxg5 82. b1=Q 83. Kh6 84. Qg6# 0-1

[Event "Druzynowe Mistrzostwa Polski Juniorow - II liga"]
[Site "Sypniewo k. Jastrowia"]
[Date "2023-06-19"]
[Round "6.16"]
[White "Krzyzek, Daniel"]
[Black "Nagly, Krzysztof"]
[Result "1-0"]
[WhiteTitle "II"]
[BlackTitle "II"]
[WhiteElo "1244"]
[BlackElo "1459"]

1. d4 2. c5 3. d5 4. Nf6 5. c4 6. b5 7. e3 8. d6 9. Nf3 10. g6 11. a4 12. b4 13.
b3 14. Bg7 15. Bb2 16. O-O 17. Be2 18. Nbd7 19. O-O 20. Ne4 21. Bxg7 22. Kxg7
23. Qc2 24. Ndf6 25. Bd3 26. Bf5 27. g4 28. Nxf2 29. gxf5 30. N2g4 31. Re1 32.
gxf5 33. Qg2 34. Kh8 35. Bxf5 36. Rg8 37. Qh3 38. Nxe3+ 39. Kh1 40. Neg4 41. Ra2
42. Rg7 43. Rg2 44. Qg8 45. Reg1 1-0

[Event "Druzynowe Mistrzostwa Polski Juniorow - II liga"]
[Site "Sypniewo k. Jastrowia"]
[Date "2023-06-19"]
[Round "6.17"]
[White "Nagly, Malgorzata"]
[Black "Siwak, Aleksandra"]
[Result "0-1"]
[WhiteTitle "II"]
[BlackTitle "II"]
[WhiteElo "1021"]
[BlackElo "1172"]

1. e4 2. c5 3. c3 4. d5 5. exd5 6. Qxd5 7. d4 8. cxd4 9. cxd4 10. Nc6 11. Be3 12.
Nf6 13. Nc3 14. Qd8 15. Nf3 16. g6 17. Be2 18. Bg7 19. O-O 20. O-O 21. Qd2 22.
Bf5 23. Rfd1 24. Qd7 25. Nh4 26. Ne4 27. Nxe4 28. Bxe4 29. f3 30. Bd5 31. f4 32.
Rfd8 33. Bf3 34. Rac8 35. Rac1 36. Bxa2 37. Bxc6 38. bxc6 39. h3 40. Bb3 41. Re1
42. Bxd4 43. Bxd4 44. Qxd4+ 45. Qxd4 46. Rxd4 47. g3 48. e6 49. Rc3 50. Bd5 51.
Ra1 52. Rb8 53. Rxa7 54. Rd1+ 55. Kf2 56. Rxb2+ 57. Ke3 58. Rh1 59. Kd4 60. Rxh3
61. Ke5 62. Kg7 63. Rc7 64. Re2+ 65. Kd4 66. Re4+ 67. Kc5 68. Rxf4 69. Kd6 70.
Rfxh4 0-1

[Event "Druzynowe Mistrzostwa Polski Juniorow - II liga"]
[Site "Sypniewo k. Jastrowia"]
[Date "2023-06-19"]
[Round "6.18"]
[White "Pawlikowska, Ewa"]
[Black "Popczynska, Michalina"]
[Result "0-1"]
[WhiteTitle "I"]
[BlackTitle "I"]
[WhiteElo "1325"]
[BlackElo "1457"]

1. e4 2. c5 3. Nf3 4. e6 5. d4 6. cxd4 7. Nxd4 8. a6 9. Be2 10. Qc7 11. O-O 12.
Nf6 13. Bd3 14. b5 15. Be3 16. Bb7 17. f3 18. Bc5 19. c3 20. Nc6 21. Re1 22. Bd6
23. h3 24. Nh5 25. Nd2 26. Bg3 27. Re2 28. Bh2+ 29. Kf2 30. Qg3+ 31. Kf1 32. Qg6
33. Kf2 34. Bf4 35. Nf1 36. Bxe3+ 37. Nxe3 38. Qg3+ 39. Kf1 40. Qd6 41. Rd2 42.
Nxd4 43. cxd4 44. Qxd4 45. Kf2 46. Qe5 47. Rc1 48. Bc6 49. b3 50. O-O 51. Nc2
52. Qc5+ 53. Ne3 54. Qg5 55. Nc2 56. Qg3+ 57. Kf1 58. Rac8 59. Nb4 60. Bb7 61.
Bc2 62. Nf6 63. a4 64. a5 65. Nd3 66. b4 67. Bb1 68. Ba6 69. Kg1 70. d5 71. Nc5
72. Qd6 73. e5 74. Qb6 75. exf6 76. Rxc5 77. Rxc5 78. Qxc5+ 79. Kh1 80. Rc8 81.
Rc2 82. Qf8 83. fxg7 84. Qd8 85. Qd4 86. Rxc2 87. Bxc2 88. Qc7 89. Bd3 90. Bxd3
91. Qxd3 92. Qc6 93. Qd4 94. Qc7 95. Qf6 96. e5 97. Qg5 98. d4 99. Qd2 100. Qc6
101. Qg5 102. Qd6 103. Qf5 104. Qe6 105. Qg5 106. f6 107. Qh5 108. d3 109. f4
110. d2 111. fxe5 112. Qxe5 113. Qf3 114. Qe1+ 115. Kh2 0-1

[Event "Druzynowe Mistrzostwa Polski Juniorow - II liga"]
[Site "Sypniewo k. Jastrowia"]
[Date "2023-06-19"]
[Round "6.19"]
[White "Lechowski, Witold"]
[Black "Bajer, Tomasz"]
[Result "1-0"]
[WhiteTitle "I"]
[BlackTitle "I"]
[WhiteElo "1635"]
[BlackElo "1485"]

1. Nf3 2. Nf6 3. g3 4. g6 5. Bg2 6. Bg7 7. O-O 8. O-O 9. d4 10. d6 11. c4 12. Nc6
13. Nc3 14. a6 15. d5 16. Na5 17. Qd3 18. c5 19. Re1 20. b5 21. cxb5 22. axb5
23. Qxb5 24. Bd7 25. Qd3 26. Qb6 27. e4 28. Nb3 29. Rb1 30. Nxc1 31. Rexc1 32.
Rfb8 33. a3 34. Ne8 35. Nd2 36. Nc7 37. Nc4 38. Qb3 39. Qe2 40. Bb5 41. Nxb5 42.
Nxb5 43. Qd1 44. Nd4 45. Bf1 46. Nf3+ 47. Kg2 48. Bd4 49. Qxf3 50. Qxf3+ 51. Kxf3
52. Rb3+ 53. Kg2 54. Rab8 55. Rc2 56. Kg7 57. Rd2 58. f5 59. exf5 60. gxf5 61.
Na5 62. Rxa3 63. Nc6 64. Rb7 65. bxa3 66. Rxb1 67. Nxd4 68. cxd4 69. Rxd4 70.
Ra1 71. a4 72. Kf6 73. f4 74. Ra2+ 75. Kh3 76. h5 77. Bb5 78. Kf7 79. Rc4 80.
h4 81. Rc8 82. hxg3 83. hxg3 84. Ra1 85. Rc7 86. Kf6 87. Bd7 88. e5 89. dxe6 90.
Ke7 91. Rc2 92. d5 93. Rd2 94. Kd6 95. Rxd5+ 1-0

[Event "Druzynowe Mistrzostwa Polski Juniorow - II liga"]
[Site "Sypniewo k. Jastrowia"]
[Date "2023-06-19"]
[Round "6.20"]
[White "Spytek, Hubert"]
[Black "Czak, Dominik"]
[Result "1/2-1/2"]
[WhiteTitle "II+"]
[BlackTitle "I"]
[WhiteElo "1440"]
[BlackElo "1583"]

1. d4 2. c5 3. Nf3 4. g6 5. e3 6. Bg7 7. c4 8. Nf6 9. Nc3 10. O-O 11. Be2 12. e6
13. O-O 14. d5 15. b3 16. Nc6 17. Bb2 18. cxd4 19. Nxd4 20. Nxd4 21. exd4 22.
Bd7 23. Bf3 24. Bc6 25. Qd2 26. Rc8 27. cxd5 28. Nxd5 29. Nxd5 30. Bxd5 31. Bxd5
32. Qxd5 33. Rfd1 34. Rfd8 35. Qe2 36. Rc6 37. Rac1 38. Rxc1 39. Rxc1 40. Bxd4
41. Bxd4 42. Qxd4 43. g3 44. Qd2 45. Qxd2 46. Rxd2 47. Rc7 48. Rxa2 49. Rxb7 50.
g5 51. g4 52. Kg7 53. Kg2 54. Kg6 55. h3 56. a5 57. Ra7 58. Ra3 59. Rb7 60. Ra2
61. Ra7 62. Rb2 63. Rxa5 64. Rxb3 65. Ra8 66. Kg7 67. Ra5 68. h6 69. Ra7 70. Rd3
71. Rb7 72. Rd4 73. Rb3 74. Kf6 75. Rf3+ 76. Kg6 77. Re3 78. h5 79. Kg3 80. Rd1
81. Kg2 82. Ra1 83. Rf3 84. f5 85. Re3 86. Ra6 87. gxf5+ 88. exf5 89. Re8 90.
f4 91. Rg8+ 92. Kf5 93. Rh8 94. h4 95. Rf8+ 96. Rf6 97. Rg8 98. Re6 99. Kf3 100.
Rf6 1/2-1/2

[Event "Druzynowe Mistrzostwa Polski Juniorow - II liga"]
[Site "Sypniewo k. Jastrowia"]
[Date "2023-06-19"]
[Round "6.21"]
[White "Galla, Wiktor"]
[Black "Nowakowski, Maksymilian"]
[Result "0-1"]
[WhiteTitle "II"]
[BlackTitle "I"]
[WhiteElo "1479"]
[BlackElo "1646"]

1. Nf3 2. Nf6 3. c4 4. b6 5. b3 6. Bb7 7. Bb2 8. e6 9. e3 10. Be7 11. Be2 12. O-O
13. O-O 14. c5 15. d4 16. d6 17. Nc3 18. Nbd7 19. Qc2 20. Rc8 21. Rac1 22. Qc7
23. Rfd1 24. Rfd8 25. d5 26. e5 27. h3 28. Kh8 29. Nb5 30. Qb8 31. Ng5 32. Rf8
33. Bg4 34. g6 35. Bxd7 36. Nxd7 37. Ne4 38. f5 39. Ng3 40. Bf6 41. f4 42. Rce8
43. Rf1 44. a6 45. Nc3 46. Qd8 47. Nce2 48. Qe7 49. fxe5 50. dxe5 51. Rcd1 52.
Qd6 53. a3 54. h5 55. Nh1 56. Kh7 57. Nf2 58. Bg5 59. Bc1 60. Nf6 61. Nd3 62.
Bc8 63. Rde1 64. Bh6 65. Bd2 66. g5 67. b4 68. h4 69. bxc5 70. bxc5 71. Nc3 72.
Rg8 73. e4 74. f4 75. Kh1 76. g4 77. Nxf4 78. Bxf4 79. Rxf4 80. Nh5 81. Rf7+ 82.
Kg6 83. Rf5 84. Ng3+ 85. Kh2 86. Nxf5 87. exf5+ 88. Bxf5 89. Qd1 90. e4+ 91. Kh1
92. Kh7 93. Rf1 94. Qg6 95. hxg4 96. Bxg4 97. Qa4 98. Bh3 0-1

[Event "Druzynowe Mistrzostwa Polski Juniorow - II liga"]
[Site "Sypniewo k. Jastrowia"]
[Date "2023-06-19"]
[Round "6.23"]
[White "Janikowska, Wiktoria"]
[Black "Gornisiewicz, Natalia"]
[Result "1-0"]
[WhiteTitle "I+"]
[BlackTitle "I++"]
[WhiteElo "1636"]
[BlackElo "1533"]

1. c4 2. Nf6 3. Nf3 4. g6 5. Nc3 6. Bg7 7. g3 O-O 8. Bg2 9. d6 10. O-O 11. Nc6
12. d3 13. a6 14. Rb1 15. Rb8 16. b4 17. b5 18. a3 19. e6 20. Qc2 21. Bd7 22.
Bb2 23. Ng4 24. Nd1 25. Nge5 26. Nxe5 27. Nxe5 28. Ne3 29. f5 30. f4 Nf7 31. Bxg7
32. Kxg7 33. Qc3+ 34. Kg8 35. cxb5 Bxb5 36. Bc6 37. d5 38. Nc2 39. Qd6 40. Nd4
41. e5 42. Nxb5 43. axb5 44. Qc5 45. Rfd8 46. Bxb5 47. Qb6 48. Qxb6 49. Rxb6 50.
Ba4 51. Ra6 52. Bb3 53. Rxa3 54. Rfc1 55. Rd7 56. fxe5 57. Nxe5 58. Rc5 59. Ng4
60. Bxd5+ 61. Kf8 62. Bf3 63. Ra2 64. Bxg4 65. fxg4 66. Rf1+ 67. Kg7 68. Rf2 69.
Rb2 70. b5 71. Re7 72. e4 Rb1+ 73. Kg2 74. Rd1 75. Rfc2 76. Rxd3 77. Rxc7 78.
Rd2+ 79. Rxd2 80. Rxc7 81. b6 82. Rc4 83. Rb2 84. Rc8 85. b7 Rb8 86. Kf2 87. Kf6
88. Ke3 89. Ke5 90. Rb5+ 91. Ke6 92. Kf4 93. Rf8+ 94. Kxg4 Rb8 95. Kg5 96. Kf7
97. Kh6 1-0

[Event "Druzynowe Mistrzostwa Polski Juniorow - II liga"]
[Site "Sypniewo k. Jastrowia"]
[Date "2023-06-19"]
[Round "6.25"]
[White "Jagodzinski, Jaromir"]
[Black "Wilgosz, Szczepan"]
[Result "0-1"]
[WhiteTitle "II+"]
[BlackTitle "I"]
[WhiteElo "1477"]
[BlackElo "1650"]

1. e4 2. c5 3. Nf3 4. d6 5. d4 6. cxd4 7. Nxd4 8. Nf6 9. Nc3 10. a6 11. Bg5 12.
Nbd7 13. f4 14. Qc7 15. Qf3 16. b5 17. O-O-O 18. Bb7 19. Bd3 20. g6 21. g4 22.
Bg7 23. Bxf6 24. Bxf6 25. Be2 26. Qb6 27. Nb3 28. O-O 29. Nd5 30. Bxd5 31. exd5
32. a5 33. g5 34. Bg7 35. Qd3 36. Nc5 37. Qxb5 38. Nxb3+ 39. axb3 40. Qe3+ 41.
Kb1 42. Qxf4 43. h4 44. Rab8 45. Qc4 46. Qe5 47. c3 48. Rfc8 49. Qd3 50. Rxb3
51. Ka2 52. Rxb2+ 53. Kxb2 54. Rxc3 55. Qb5 56. Rc5+ 57. Ka3 58. Rxb5 59. Bxb5
60. Qb2+ 61. Ka4 62. Qa2# 0-1

[Event "Druzynowe Mistrzostwa Polski Juniorow - II liga"]
[Site "Sypniewo k. Jastrowia"]
[Date "2023-06-19"]
[Round "6.26"]
[White "Marek, Grzegorz"]
[Black "Baranowski, Jan"]
[Result "1/2-1/2"]
[WhiteTitle "I"]
[BlackTitle "II"]
[WhiteElo "1651"]
[BlackElo "1294"]

1. e4 2. c5 3. Nc3 4. Nc6 5. d3 6. Nf6 7. g3 8. g6 9. Bg2 10. Bg7 11. f4 12. d6
13. Nf3 14. Bg4 15. h3 16. Bxf3 17. Qxf3 18. O-O 19. O-O 20. e6 21. Be3 22. Nd4
23. Qf2 24. d5 25. e5 26. Nd7 27. Bxd4 28. cxd4 29. Qxd4 30. Qb6 31. Qxb6 32.
Nxb6 33. Nb5 34. Rfc8 35. c3 36. a6 37. Nd4 38. Na4 39. Rab1 40. Rc7 41. Rfc1
42. Rac8 43. Rc2 44. Bf8 45. Ne2 46. b5 47. Rbc1 48. Bc5+ 49. d4 50. Bb6 51. a3
52. Ba7 53. Kf2 54. a5 55. Ke3 56. b4 57. Kd3 58. b3 59. Rd2 60. Nb6 61. Ng1 62.
Nc4 63. Rf2 64. a4 65. Nf3 66. Bb6 67. g4 68. Rb7 69. Rb1 70. Bd8 71. Nd2 72.
Na5 73. Rbf1 74. Be7 75. f5 76. Rbc7 77. Nb1 78. Nc4 79. f6 80. Bf8 81. h4 82.
Bh6 83. g5 84. Bf8 85. h5 86. Ra7 87. Bh3 88. Rc6 89. Bg4 90. Rb6 91. Rh1 92.
Kh8 93. hxg6 94. fxg6 95. Rfh2 96. Kg8 97. Re2 98. Rf7 99. Bf3 100. Ra7 101. Rf1
102. Raa6 103. Bh1 104. Kf7 105. Rh2 106. Kg8 107. Bf3 108. Ra7 109. Re1 110.
Raa6 111. Bg4 112. Ra7 113. Rf1 114. Rf7 115. Bf3 116. Ra7 117. Re2 118. Kf7 119.
Rh1 120. Kg8 121. Rhh2 122. Raa6 123. Bh1 124. Rc6 125. Bg2 126. Rcb6 127. Rf2
128. Ra7 129. Rh1 130. Rc7 131. Re2 132. Rcc6 133. Bf3 134. Ra6 135. Bg4 136.
Rc7 137. Rf2 138. Rf7 139. Rhh2 140. Rb6 141. Bh3 142. Ra6 143. Bg2 144. Rb7 145.
Rh1 146. Rc7 147. Re2 148. Rcc6 149. Bf3 150. Rcb6 151. Rf1 152. Kf7 153. Rh2
154. Kg8 155. Rff2 156. Ra7 157. Bg4 158. Rc7 159. Rh1 160. Kh8 161. Bf3 162.
Ra7 163. Re2 164. Raa6 165. Bg4 166. Ra7 167. Reh2 168. Rc6 169. Bf3 170. Rb6
171. Rf2 172. Kg8 173. Re1 174. Raa6 175. Ree2 176. Kh8 177. Rf1 178. Kg8 179.
Rfe1 180. Kf7 181. Rh1 182. Kg8 183. Rf2 184. Ra7 185. Rhh2 186. Rbb7 187. Bg4
188. Rb6 189. Rh1 190. Rc7 191. Bf3 192. Ra7 193. Bg2 194. Rc7 195. Bh3 196. Ra7
197. Re1 198. Kf7 199. Bg2 200. Raa6 201. Rh1 202. Kg8 1/2-1/2

[Event "Druzynowe Mistrzostwa Polski Juniorow - II liga"]
[Site "Sypniewo k. Jastrowia"]
[Date "2023-06-19"]
[Round "6.27"]
[White "Ejsymont, Eryk"]
[Black "Zajadlak, Milosz"]
[Result "1-0"]
[WhiteTitle "II+"]
[BlackTitle "II"]
[WhiteElo "1385"]
[BlackElo "1290"]

1. d4 2. d5 3. c4 4. e6 5. Nc3 6. c5 7. cxd5 8. cxd4 9. Qa4+ 10. Bd7 11. Qxd4 12.
exd5 13. e3 14. Nc6 15. Qd1 16. Nf6 17. Nf3 18. Bb4 19. Bd2 20. O-O 21. a3 22.
Ba5 23. b4 24. Bb6 25. Bb5 26. Bg4 27. h3 28. Bh5 29. O-O 30. d4 31. Na4 32. Ne4
33. Bxc6 34. bxc6 35. Nxb6 36. axb6 37. exd4 38. Bxf3 39. gxf3 40. Nxd2 41. Qxd2
42. Qh4 43. Kh2 44. Rfd8 45. f4 46. Rd6 47. Rg1 48. Rad8 49. Rad1 50. Rxd4 51.
Qe3 52. Rxd1 53. Rxd1 54. h6 55. Rxd8+ 56. Qxd8 57. a4 58. Qa8 59. Qa3 60. Qb8
61. Qf3 62. Qd6 63. a5 64. Qxb4 65. a6 66. Qa4 67. Qd3 68. Qa2 69. Qd8+ 70. Kh7
71. Qxb6 72. c5 73. Kg3 74. Qa3+ 75. Kg2 76. Qa4 77. Qb1+ 78. g6 79. Qb7 80. Qxf4
81. Qd5 82. Qc7 83. Qb7 84. Qf4 85. a7 86. Qg5+ 87. Kf1 88. Qc1+ 89. Ke2 90. Qc2+
91. Ke3 92. Qc1+ 93. Ke4 94. Qe1+ 95. Kd3 96. Qf1+ 97. Kc2 98. Qc4+ 99. Kb2 100.
Qd4+ 101. Kb3 102. Qd3+ 103. Ka4 104. Qd4+ 105. Kb5 106. Qb4+ 107. Kc6 108. Qe4+
109. Kb6 1-0

[Event "Druzynowe Mistrzostwa Polski Juniorow - II liga"]
[Site "Sypniewo k. Jastrowia"]
[Date "2023-06-19"]
[Round "6.28"]
[White "Wasilko, Szymon"]
[Black "Rabiej, Mateusz"]
[Result "1-0"]
[WhiteTitle "II"]
[BlackTitle "II"]
[WhiteElo "1149"]
[BlackElo "1243"]

1. e4 2. c5 3. Nf3 4. e6 5. c3 6. d5 7. exd5 8. exd5 9. d4 10. Nc6 11. Be3 12.
cxd4 13. cxd4 14. Nf6 15. Nc3 16. Be7 17. h3 18. O-O 19. Bd3 20. Re8 21. O-O 22.
Be6 23. a3 24. Rc8 25. Ng5 26. h6 27. Nxe6 28. fxe6 29. Qd2 30. Bf8 31. Bg6 32.
Re7 33. f4 34. Na5 35. Rab1 36. Nc4 37. Qe2 38. Nxa3 39. bxa3 40. Rxc3 41. a4
42. Qa5 43. Bd2 44. Rc2 45. Bxc2 46. Qc7 47. Rbc1 48. Qd7 49. Qb5 50. Qd8 51.
Bb4 52. Rf7 53. Bxf8 54. Qxf8 55. Qc5 56. Re7 57. f5 58. exf5 59. Bxf5 60. b6
61. Qd6 62. Ne8 63. Qxd5+ 64. Kh8 65. Bg6 66. Nf6 67. Rcd1 68. Qb8 69. Qb3 70.
Qd6 71. Qc3 72. Rc7 73. Qe3 74. Re7 75. Qf4 76. Qd8 77. Rde1 78. Rd7 79. Qe5 80.
Kg8 81. d5 82. Rxd5 83. Qe6+ 84. Kh8 85. Qe8+ 86. Qxe8 87. Rxe8+ 88. Ng8 89. Rff8
90. Rd1+ 91. Kh2 92. Rh1+ 93. Kxh1 1-0

[Event "Druzynowe Mistrzostwa Polski Juniorow - II liga"]
[Site "Sypniewo k. Jastrowia"]
[Date "2023-06-19"]
[Round "6.29"]
[White "Nurkiewicz, Anna"]
[Black "Pietrzak, Emilia"]
[Result "0-1"]
[WhiteTitle "I+"]
[BlackTitle "I+"]
[WhiteElo "1247"]
[BlackElo "1456"]

1. d4 2. d5 3. c4 4. e6 5. Nc3 6. Nf6 7. cxd5 8. exd5 9. Bg5 10. Be7 11. e3 12.
c6 13. Bd3 14. h6 15. Bh4 16. O-O 17. Nge2 18. Re8 19. Qc2 20. Nbd7 21. O-O 22.
Ne4 23. Bxe7 24. Qxe7 25. Nf4 26. Ndf6 27. Rae1 28. Bd7 29. f3 30. Nxc3 31. Qxc3
32. Qd6 33. Ne2 34. Rac8 35. Ng3 36. c5 37. Kh1 38. Qb6 39. dxc5 40. Rxc5 41.
Qd4 42. Bb5 43. b4 44. Rc6 45. Bxb5 46. Qxb5 47. Nf5 48. Rc4 49. Qxa7 50. Qd7
51. Nd4 52. Rxb4 53. Rf2 54. Rxe3 55. Rc1 56. Rc4 57. Rb1 58. Rb4 59. Rc1 60.
Qe8 61. Nc2 62. Rc4 63. Kg1 64. d4 65. Rcf1 66. Re2 67. Nxd4 68. Rxf2 69. Kxf2
70. Ra4 71. Qc5 72. Rxa2+ 73. Nc2 74. Qc6 75. Qxc6 76. bxc6 77. Rc1 78. Nd5 79.
Kg3 80. Nc3 81. Kf2 82. Kf8 83. Ke3 84. Ke7 85. Kd3 86. Nd5 87. g3 88. Kd6 89.
h4 90. Rb2 91. Nd4 92. Ne7 93. Ke4 94. Rb4 95. Kd3 96. c5 97. Nc2 98. Rb3+ 99.
Ke4 100. f5+ 101. Kf4 102. g6 103. g4 104. Nd5+ 105. Kg3 106. f4+ 107. Kf2 108.
Rc3 109. Ke2 110. Ne3 111. Kd2 112. Rxc2+ 113. Rxc2 114. Nxc2 115. Kxc2 116. Kd5
117. Kd3 118. c4+ 119. Kc3 120. Kc5 121. Kd2 122. Kd4 123. Ke2 124. Kc3 125. Kd1
126. Kb2 127. Ke2 128. c3 0-1

[Event "Druzynowe Mistrzostwa Polski Juniorow - II liga"]
[Site "Sypniewo k. Jastrowia"]
[Date "2023-06-19"]
[Round "6.30"]
[White "Gorska, Amelia"]
[Black "Ejsymont, Blanka"]
[Result "0-1"]
[WhiteTitle "I"]
[BlackTitle "I++"]
[WhiteElo "1216"]
[BlackElo "1444"]

1. e4 2. c5 3. Nf3 4. e6 5. d4 6. cxd4 7. Nxd4 8. Nf6 9. Nc3 10. Nc6 11. Ndb5 12.
Bb4 13. a3 14. Bxc3+ 15. Nxc3 16. d5 17. exd5 18. exd5 19. Bg5 20. O-O 21. Be2
22. Re8 23. O-O 24. d4 25. Na2 26. h6 27. Bh4 28. g5 29. Bg3 30. Ne4 31. Nc1 32.
f5 33. Bc4+ 34. Kg7 35. h3 36. f4 37. Bh2 38. Qf6 39. Re1 40. Bd7 41. Nb3 42.
Nd6 43. Rxe8 44. Rxe8 45. Bd5 46. Nf5 47. Qd2 48. Qe5 49. Bf3 50. Nh4 51. Bh5
52. Qe4 53. f3 54. Qe3+ 55. Qxe3 56. Rxe3 57. Nc5 58. Bc8 59. Kf2 60. b6 61. Ne4
62. Bf5 63. Re1 64. Rxe1 65. Kxe1 66. Nxg2+ 67. Kd2 68. Bxh3 69. Nd6 70. Ne3 71.
Kd3 72. Bf1+ 73. Kd2 74. Ne5 75. b3 76. Bg2 77. Nb5 78. Bxf3 79. Bxf3 80. Nxf3+
81. Kd3 82. Nxh2 83. Nxd4 84. Kf6 85. c4 86. Nf5 87. Ne2 88. f3 89. Ng1 90. f2
91. Ne2 92. f1=Q 93. Kd2 94. Qa1 95. c5 96. Nd4 97. Nc3 98. Nxb3+ 99. Kd3 100.
Nxc5+ 101. Kc4 102. Qc1 103. Kb4 104. Ke5 0-1

[Event "Druzynowe Mistrzostwa Polski Juniorow - II liga"]
[Site "Sypniewo k. Jastrowia"]
[Date "2023-06-19"]
[Round "6.31"]
[White "Szymkiewicz, Witold"]
[Black "Doroba, Ludwik"]
[Result "1-0"]
[WhiteTitle "I+"]
[BlackTitle "II"]
[WhiteElo "1820"]
[BlackElo "1420"]

1. d4 2. d5 3. c4 4. e6 5. Nc3 6. Nf6 7. Bg5 8. Be7 9. Nf3 10. h6 11. Bh4 12. O-O
13. e3 14. Ne4 15. Bxe7 16. Qxe7 17. Rc1 18. c6 19. Bd3 20. Nxc3 21. Rxc3 22.
dxc4 23. Bxc4 24. Nd7 25. O-O 26. b6 27. Bd3 28. c5 29. Be4 30. Rb8 31. d5 32.
exd5 33. Bxd5 34. Nf6 35. Bc4 36. Bb7 37. Qe2 38. Rfd8 39. Re1 40. Ne4 41. Ra3
42. Ba8 43. h3 44. Rd6 45. Rd1 46. Rbd8 47. Rad3 48. Rxd3 49. Rxd3 50. Rxd3 51.
Qxd3 52. Ng5 53. Nd2 54. Bc6 55. f3 56. Qf6 57. Qa3 58. Qd6 59. Nf1 60. Qg6 61.
Bd3 62. Qd6 63. Kf2 64. Qd7 65. Bc2 66. Bb5 67. Qc3 68. Ne6 69. Ng3 70. Qd8 71.
Nf5 72. Qf8 73. Qe5 74. Bd7 75. Qd5 76. Bc8 77. Qc6 78. Qd8 79. Qxc8 1-0

[Event "Druzynowe Mistrzostwa Polski Juniorow - II liga"]
[Site "Sypniewo k. Jastrowia"]
[Date "2023-06-19"]
[Round "6.32"]
[White "Rumniak, Aleksy"]
[Black "Wieckowski, Michal"]
[Result "0-1"]
[WhiteTitle "II"]
[BlackTitle "I"]
[WhiteElo "1272"]
[BlackElo "1612"]

1. e4 2. c5 3. Nf3 4. Nc6 5. d4 6. cxd4 7. Nxd4 8. Nf6 9. Nc3 10. e5 11. Ndb5 12.
d6 13. Nd5 14. Nxd5 15. exd5 16. Nb8 17. Qf3 18. Be7 19. Qc3 20. Na6 21. Be3 22.
O-O 23. Nxa7 24. Bd7 25. Be2 26. f5 27. f3 28. f4 29. Bf2 30. Bf6 31. Qd2 32.
Nc5 33. Bxc5 34. dxc5 35. Nb5 36. Bxb5 37. Bxb5 38. e4 39. fxe4 40. Bxb2 41. O-O
42. Bxa1 43. Rxa1 44. f3 45. a4 46. f2+ 47. Kh1 48. Rxa4 49. Rf1 50. Rxe4 51.
Rxf2 52. Rxf2 53. Qxf2 54. Qxd5 55. Bd3 56. Rb4 57. h3 58. Rb1+ 59. Bf1 60. Qf7
0-1

[Event "Druzynowe Mistrzostwa Polski Juniorow - II liga"]
[Site "Sypniewo k. Jastrowia"]
[Date "2023-06-19"]
[Round "6.34"]
[White "Soja, Adam"]
[Black "Okragly, Natan"]
[Result "1/2-1/2"]
[WhiteTitle "II"]
[BlackTitle "II"]
[WhiteElo "1238"]
[BlackElo "1177"]

1. e4 2. e5 3. Nf3 4. Nc6 5. Bc4 6. Bc5 7. Nc3 8. Nf6 9. d3 10. h6 11. Be3 12.
Bb6 13. O-O 14. d6 15. h3 16. Be6 17. Bb3 18. Qd7 19. Nd5 20. Bxd5 21. Bxd5 22.
Nxd5 23. exd5 24. Ne7 25. c4 26. c6 27. dxc6 28. Qxc6 29. b3 30. O-O 31. Bxb6
32. Qxb6 33. Re1 34. f5 35. Qd2 36. Nc6 37. Rad1 38. Nd4 39. Nxd4 40. Qxd4 41.
Qe3 42. Qxe3 43. fxe3 44. Rad8 45. e4 46. a6 47. a4 48. b5 49. axb5 50. axb5 51.
Ra1 52. bxc4 53. dxc4 54. fxe4 55. Rxe4 56. Rb8 57. Ra6 58. Rfd8 59. c5 60. dxc5
61. Rxe5 62. Rxb3 63. Rxc5 64. Rd1+ 65. Kh2 66. Rb2 67. Rc7 68. Rbb1 69. Rg6 70.
Rh1+ 71. Kg3 72. Rb3+ 73. Kh4 74. Rb4+ 75. g4 76. Rb3 77. Rgxg7+ 78. Kh8 79. Rh7+
1/2-1/2

[Event "Druzynowe Mistrzostwa Polski Juniorow - II liga"]
[Site "Sypniewo k. Jastrowia"]
[Date "2023-06-19"]
[Round "6.35"]
[White "Walewska, Natalia"]
[Black "Mitrega, Wiktoria"]
[Result "1/2-1/2"]
[WhiteTitle "I"]
[BlackTitle "I"]
[WhiteElo "1267"]
[BlackElo "1348"]

1. c4 2. e5 3. Nc3 4. g6 5. g3 6. Bg7 7. Bg2 8. Nc6 9. e4 10. d6 11. Nge2 12. Nge7
13. d3 14. O-O 15. O-O 16. Be6 17. Be3 18. Qc8 19. Qd2 20. Bh3 21. Bh6 22. Bxg2
23. Kxg2 24. Qe6 25. Bxg7 26. Kxg7 27. Nd5 28. Rac8 29. f4 30. Qd7 31. b4 32.
Nxd5 33. cxd5 34. Ne7 35. Nc3 36. f6 37. d4 38. c6 39. dxc6 Nxc6 40. dxe5 41.
fxe5 42. Nd5 43. Nd4 44. Rac1 45. Rxc1 46. Rxc1 47. Rc8 48. Rxc8 49. Qxc8 50.
Qc3 51. Qxc3 52. Nxc3 53. Kf7 54. Kf2 55. Ke6 56. Nd5 57. a6 58. a4 59. h6 60.
Ke3 61. Kd7 1/2-1/2

[Event "Druzynowe Mistrzostwa Polski Juniorow - II liga"]
[Site "Sypniewo k. Jastrowia"]
[Date "2023-06-19"]
[Round "6.36"]
[White "Piotrowska, Weronika"]
[Black "Matyrzynska, Walentyna"]
[Result "1/2-1/2"]
[WhiteTitle "II"]
[BlackTitle "II"]
[WhiteElo "1032"]
[BlackElo "1078"]

1. e4 2. c5 3. Nf3 4. d6 5. d4 6. cxd4 7. Nxd4 8. Nf6 9. Nc3 10. a6 11. f3 12.
e6 13. Be3 14. b5 15. Qd2 16. Nbd7 17. O-O-O 18. Bb7 19. g4 20. Nb6 21. h4 22.
Nfd7 23. h5 24. Be7 25. g5 26. Ne5 27. b3 28. d5 29. Qg2 30. Qc7 31. Nb1 32. Qd7
33. g6 34. fxg6 35. hxg6 36. Nxg6 37. Rxh7 38. Kf7 39. Rh3 40. Rxh3 41. Qxh3 42.
Rh8 43. Qxe6+ 44. Qxe6 45. Nxe6 46. Kxe6 47. Bxb6 48. dxe4 49. fxe4 50. Bxe4 51.
c4 52. Bg5+ 53. Kb2 54. bxc4 55. Bxc4+ 56. Kf5 57. Bxa6 58. Rh2+ 59. Ka3 60. Be7+
61. b4 62. Rh3+ 63. Kb2 1/2-1/2